| 000 | 00965nam1a22003011 4500 | ||
|---|---|---|---|
| 001 | v19\rc\1938275 | ||
| 005 | 20251118180827.2 | ||
| 035 | _a(NLR Aleph) 005025921 | ||
| 090 |
_a6639217 _c6639217 |
||
| 100 | _a20080404d1912 |||y0rusy50 ca | ||
| 101 | 0 | _arus | |
| 102 | _aRU | ||
| 105 | _ay z |||a| | ||
| 200 | 1 |
_aРассказы. Стихотворения _eВып. 1- _fГ. Фейфец |
|
| 210 |
_aКазатин _cтип. Л.Л. Лившица _d1912 |
||
| 215 | _d29 | ||
| 300 | _aОписано по обл. На тит. л. только част. загл. вып. | ||
| 700 | 1 |
_aХолмский _bГ. К. _f-1962 _gГеоргий Константинович |
|
| 790 | 1 |
_aФейфец _bГ. _f-1962 |
|
| 801 | 0 |
_aRU _bNLR _gpsbo |
|
| 801 | 0 |
_aRU _bRuMoRGB _2psbo |
|
| 801 | 1 |
_aRU _bProSoft-M _2rusmarc |
|
| 852 |
_aNLR _j38.77.1.1283 |
||
| 899 |
_aRuMoRGB _jV 130/2 |
||
| 899 |
_aRuMoRGB _j801-92/5944-3 |
||
| 899 | _aБАН | ||
| 942 | _cBOOK | ||
| 980 | _aNB | ||